Allama Iqbal Int. Airport Destinations (Lahore, Pakistan) - Statistics

General Stats
  • This quiz has been taken 66 times
    27 since last reset
  • The average score is 21 of 27
Answer Stats
Airline Destination % Correct
airblue/Etihad Airways/Pakistan International Airlines Abu Dhabi
100%
Thai Airways International Bangkok (Suvarnabhumi)
100%
airblue/AirSial/Emirates/flydubai/Pakistan International Airlines/Serene Air Dubai (International)
100%
Turkish Airlines Istanbul
100%
airblue/AirSial/Fly Jinnah/flynas/Pakistan International Airlines/Saudia/Serene Air Jeddah
100%
airblue/AirSial/Fly Jinnah/flynas/Pakistan International Airlines/Saudia Riyadh
100%
Mahan Air Tehran (Imam Khomeini)
100%
Pakistan International Airlines/Qatar Airways Doha
94%
airblue/AirSial/Fly Jinnah/Pakistan International Airlines/Serene Air Karachi
94%
Batik Air Malaysia/Pakistan International Airlines Kuala Lumpur (International)
94%
Jazeera Airways/Kuwait Airways/Pakistan International Airlines Kuwait City
94%
Pakistan International Airlines/Saudia Medina
94%
SriLankan Airlines Colombo (Bandaranaike)
88%
Azerbaijan Airlines/Pakistan International Airlines Baku
82%
Uzbekistan Airways Tashkent
82%
Fly Jinnah/Gulf Air/Pakistan International Airlines Bahrain
76%
AirSial/Fly Jinnah/Pakistan International Airlines/SalamAir Muscat
76%
Pakistan International Airlines/Serene Air Quetta
71%
AirSial/Fly Jinnah/Pakistan International Airlines Dammam
65%
China Southern Airlines Guangzhou
59%
airblue/Fly Jinnah/Serene Air Sharjah
59%
airblue/Pakistan International Airlines Skardu
47%
Taban Air Mashhad
41%
Air Arabia Ras Al Khaimah
41%
Pakistan International Airlines Toronto (Pearson)
41%
Aero Nomad Airlines Bishkek
35%
Pakistan International Airlines Paris (Charles de Gaulle)
35%
No matching quizzes found
Score Distribution
Percent of People with Each Score
Percentile by Number Answered
Your Score History
You have not taken this quiz since the last reset